{"text_format":"3","workbook":"xls","n_sheets":6,"sheets":[" ППССЗ 2025-2026","ППКРС 2025-2026","ППССЗ 2024-2025","ППКРС 2024-2025","ППССЗ 2023-2024 (стенд)","ППКРС 2023-2024  стенд"],"not_rendered":{"external_links":1,"defined_names":2},"read":"whole","date_system":"1900","formulas":"cached_only"}

{"sheet":" ППССЗ 2025-2026","index":0,"n_rows":35,"n_cols":47,"rows_kept":35,"merged":[[2,11,2,34],[4,9,4,35],[5,2,5,41],[6,9,6,36],[9,1,9,4],[9,5,10,5],[9,6,9,8],[9,9,10,9],[9,10,9,13],[9,14,9,17],[9,18,10,18],[9,19,9,21],[9,22,10,22],[9,23,9,25],[9,26,10,26],[9,27,9,30],[9,31,10,31],[9,32,9,34],[9,35,10,35],[9,36,9,39],[9,40,9,43],[9,44,10,44],[9,45,10,45],[9,46,10,46],[12,0,12,45],[17,0,17,45],[22,0,22,45],[27,0,27,45]],"flags":["formulas_cached_only"]}
[{"$nulls":33},"Приложение 1"]
[{"$nulls":33},"к приказу от 07.04.2025г. № 94"]
[{"$nulls":11},"БУ \"БЕЛОЯРСКИЙ ПОЛИТЕХНИЧЕСКИЙ КОЛЛЕДЖ\""]
[]
[{"$nulls":9},"УЧЕБНЫЙ ГРАФИК"]
[null,null,"ДНЕВНОГО ОТДЕЛЕНИЯ РЕАЛИЗАЦИИ ПРОГРАММ ПОДГОТОВКИ СПЕЦИАЛИСТОВ СРЕДНЕГО ЗВЕНА"]
[{"$nulls":9},"НА 2025-2026 учебный год"]
[]
[]
["Группа","сентябрь",{"$nulls":3},"29.09-05","октябрь",null,null,"27.10-02.11","ноябрь",{"$nulls":3},"декабрь",{"$nulls":3},"29.12-04.01","январь",null,null,"26.01-01.02","февраль",null,null,"23.02.-01.03.","март",{"$nulls":3},"30.04-05.04","апрель",null,null,"27.04-03.05","май",{"$nulls":3},"июнь",{"$nulls":3},"29.06-05.07","06.07-12.07","13.07-31.08"]
[null,"01-07","08-14","15-21","22-28",null,"06-12","13-19","20-26",null,"03-09","10-16","17-23","24-30","01-07","08-14","15-21","22-28",null,"05-11","12-18","19-25",null,"02-08","09-15","16-22",null,"02-07","09-15","16-22","23-29",null,"06-12","13-19","20-26",null,"04-10","11-17","18-24","25-31","01-07","08-14","15-21","22-28"]
[null,"1","2","3","4","5","6","7","8","9","10","11","12","13","14","15","16","17","К","К","1","2",3,4,5,6,7,8,9,10,11,12,13,14,15,16,17,18,19,20,21,22,23,24,25,2]
["1 КУРС"]
["РЭНГ-251",1,2,3,4,5,6,7,8,9,10,11,12,13,14,15,16,"::","К","К",1,2,3,4,5,6,7,8,9,10,11,12,13,14,15,16,17,18,19,20,21,22,23,"::","К","К","К"]
["Э-251",1,2,3,4,5,6,7,8,9,10,11,12,13,14,15,16,"::","К","К",1,2,3,4,5,6,7,8,9,10,11,12,13,14,15,16,17,18,19,20,21,22,23,"::","К","К","К"]
["ДО-251",1,2,3,4,5,6,7,8,9,10,11,12,13,14,15,16,"::","К","К",1,2,3,4,5,6,7,8,9,10,11,12,13,14,15,16,17,18,19,20,21,22,23,"::","К","К","К"]
["ПД-251",1,2,3,4,5,6,7,8,9,10,11,12,13,14,15,16,"::","К","К",1,2,3,4,5,6,7,8,9,10,11,12,13,14,15,16,17,18,19,20,21,22,23,"::","К","К","К"]
["2 КУРС"]
["ИСИП-241",1,2,3,4,5,6,7,8,9,10,11,12,13,14,"УП","УП","::","К","К",1,2,3,4,5,6,7,8,9,10,11,12,13,14,15,16,17,18,"УП","УП","УП","УП","::","::","К","К","К"]
["ЭТ-241",1,2,3,4,5,6,7,8,9,10,11,12,13,"УП","УП","::","ПП","К","К",1,2,3,4,5,6,7,8,9,10,11,12,13,14,15,16,"УП","УП","::","ПП","ПП","ПП","ПП","ПП","К","К","К"]
["ДО-241",1,2,3,4,5,6,7,8,9,10,11,12,13,14,15,16,"::","К","К",1,2,3,4,5,6,7,8,9,10,11,12,13,14,15,16,17,18,"УП","::","ПП","ПП","ПП","ПП","К","К","К"]
["ДА-241",1,2,3,4,5,6,7,8,9,10,11,12,13,14,15,16,"::","К","К",1,2,3,4,5,6,7,8,9,10,11,12,13,14,15,16,17,18,"УП","УП","УП","::","ПП","ПП","К","К","К"]
["3 КУРС"]
["ИСИП-231",1,2,3,4,5,6,7,8,9,10,11,12,13,"УП","УП","УП","::","К","К",1,2,3,4,5,6,7,8,9,10,11,12,13,14,15,16,17,"УП","УП","::","ПП","ПП","ПП","ПП","К","К","К"]
["АТ-231",1,2,3,4,5,6,7,8,9,10,11,12,13,"УП","::","ПП","ПП","К","К",1,2,3,4,5,6,7,8,9,10,11,12,13,"УП","УП","УП","УП","УП","::","ПП","ПП","ПП","ПП","ПП","К","К","К"]
["Э-231",1,2,3,4,5,6,7,8,9,10,11,12,"УП","УП","::","ПП","ПП","К","К",1,2,3,4,5,6,7,8,9,"УП","УП","::","ПП","ПП","ПП","ПП","ПП","ПП","ПГ","ПГ","ПГ","ПГ","ГИА","ГИА","К","К","К"]
["ПД-231",1,2,3,4,5,6,7,8,9,10,11,12,13,14,15,"::","ПП","К","К",1,2,3,4,5,6,7,8,9,10,11,12,13,14,15,16,17,18,19,"УП","::","ПП","ПП","ПП","К","К","К"]
["4 КУРС"]
["СА-221",1,2,3,4,5,6,7,8,9,10,11,"УП","УП","УП","::","ПП","ПП","К","К",1,2,3,4,5,6,"УП","УП","ПП","ПП","ПП","ПП","ПП","::","ПП","ПП","ПП","ПП","ПГ","ПГ","ПГ","ПГ","ГИА","ГИА"]
["ДО-221",1,2,3,4,5,6,7,8,9,10,11,12,"УП","УП","УП","УП","::","К","К",1,2,3,4,5,6,7,8,9,10,11,12,13,14,15,16,"УП","УП","УП","::","ПП","ПП","ПП","ПП"]
["ПД-221",1,2,3,4,5,6,7,8,9,10,11,12,13,14,"::","ПП","ПП","К","К","ПП","ПП","ПГ","ПГ","ГИА"]
[]
[null,"1-23",null,null,"теоретическое обучение",{"$nulls":7},"УП",null,null,"учебная практика",{"$nulls":9},"К",null,"каникулы",{"$nulls":7},"ПГ",null,"подготовка к государственной ИА"]
[]
[null,"::",null,null,"промежуточная аттестация",{"$nulls":7},"ПП",null,null,"производственная практика",{"$nulls":9},"ПП",null,"преддипломная ПП",{"$nulls":7},"ГИА",null,"государственная итоговая аттестация"]

{"sheet":"ППКРС 2025-2026","index":1,"n_rows":30,"n_cols":46,"rows_kept":30,"merged":[[2,11,2,34],[4,9,4,35],[6,9,6,36],[9,1,9,4],[9,5,10,5],[9,6,9,8],[9,9,10,9],[9,10,9,13],[9,14,9,17],[9,18,10,18],[9,19,9,21],[9,22,10,22],[9,23,9,25],[9,26,10,26],[9,27,9,30],[9,31,10,31],[9,32,9,34],[9,35,10,35],[9,36,9,39],[9,40,9,43],[9,44,10,44],[9,45,10,45],[12,0,12,45],[16,0,16,45],[20,0,20,45],[22,0,22,45]],"flags":["formulas_cached_only"]}
[{"$nulls":33},"Приложение 1"]
[{"$nulls":33},"к приказу от 07.04.2025г. № 94"]
[{"$nulls":11},"БУ \"БЕЛОЯРСКИЙ ПОЛИТЕХНИЧЕСКИЙ КОЛЛЕДЖ\""]
[]
[{"$nulls":9},"УЧЕБНЫЙ ГРАФИК"]
[null,null,"ДНЕВНОГО ОТДЕЛЕНИЯ РЕАЛИЗАЦИИ ПРОГРАММ ПОДГОТОВКИ КВАЛИФИЦИРОВАННЫХ РАБОЧИХ, СЛУЖАЩИХ "]
[{"$nulls":9},"НА 2025-2026 учебный год"]
[]
[]
["Группа","сентябрь",{"$nulls":3},"29.09-05","октябрь",null,null,"27.10-02.11","ноябрь",{"$nulls":3},"декабрь",{"$nulls":3},"29.12-04.01","январь",null,null,"26.01-01.02","февраль",null,null,"23.02.-01.03.","март",{"$nulls":3},"30.04-05.04","апрель",null,null,"27.04-03.05","май",{"$nulls":3},"июнь",{"$nulls":3},"29.06-05.07","06.07-31.08"]
[null,"01-07","08-14","15-21","22-28",null,"06-12","13-19","20-26",null,"03-09","10-16","17-23","24-30","01-07","08-14","15-21","22-28",null,"05-11","12-18","19-25",null,"02-08","09-15","16-22",null,"02-07","09-15","16-22","23-29",null,"06-12","13-19","20-26",null,"04-10","11-17","18-24","25-31","01-07","08-14","15-21","22-28"]
[null,"1","2","3","4","5","6","7","8","9","10","11","12","13","14","15","16","17","К","К","1","2",3,4,5,6,7,8,9,10,11,12,13,14,15,16,17,18,19,20,21,22,23,24,25,2]
["1 КУРС"]
["С-251",1,2,3,4,5,6,7,8,9,10,11,12,13,14,15,16,"::","К","К",1,2,3,4,5,6,7,8,9,10,11,12,13,14,15,16,17,18,19,20,21,22,23,"::","К","К"]
["СКИП-251",1,2,3,4,5,6,7,8,9,10,11,12,13,14,15,16,"::","К","К",1,2,3,4,5,6,7,8,9,10,11,12,13,14,15,16,17,18,19,20,21,22,23,"::","К","К"]
["МРОА-251",1,2,3,4,5,6,7,8,9,10,11,12,13,14,15,16,"::","К","К",1,2,3,4,5,6,7,8,9,10,11,12,13,14,15,16,17,18,19,20,21,22,23,"::","К","К"]
["2 КУРС"]
["ПК-241",1,2,3,4,5,6,7,8,9,10,11,12,13,"УП","УП","УП","::","К","К",1,2,3,4,5,6,7,8,9,10,11,12,"УП","УП","УП","УП","УП","УП","::","ПП","ПП","ПП","ПП","ПП","К","К"]
["С-241",1,2,3,4,5,6,7,8,9,10,"УП","УП","УП","УП","::","ПП","ПП","К","К",1,2,3,4,5,6,7,8,9,10,11,12,13,"УП","УП","УП","УП","::","ПП","ПП","ПП","ПП","ПП","ГИА"]
["МРОА-241",1,2,3,4,5,6,7,8,9,10,11,"УП","УП","УП","::","ПП","ПП","К","К",1,2,3,4,5,6,7,8,9,10,11,12,"УП","УП","УП","УП","::","ПП","ПП","ПП","ПП","ПП","ПП","ГИА"]
["3 КУРС"]
["МКИП-231",1,2,3,4,5,6,7,"УП","УП","УП","УП","УП","::","ПП","ПП","ПП","ПП","К","К",1,2,3,4,5,6,7,"УП","УП","УП","УП","УП","УП","::","ПП","ПП","ПП","ПП","ПП","ПП","ПП","ПП","ПП","ГИА"]
["4 КУРС"]
["ПК-221",1,2,3,4,5,6,7,8,"УП","УП","УП","УП","::","ПП","ПП","ПП","ПП","К","К",1,2,3,4,5,6,7,"::","УП","УП","УП","УП","УП","УП","::","ПП","ПП","ПП","ПП","ПП","ПП","ПП","ГИА","ГИА"]
["МКИП-221",1,2,3,4,5,6,7,8,9,"УП","УП","УП","::","ПП","ПП","ПП","ПП","К","К",1,2,3,4,5,6,7,8,9,10,11,12,13,"УП","УП","УП","УП","::","ПП","ПП","ПП","ПП","ГИА","ГИА"]
[]
[]
[null,"1-23",null,null,"теоретическое обучение",{"$nulls":7},"УП",null,null,"учебная практика",{"$nulls":9},"К",null,"каникулы"]
[]
[null,"::",null,null,"промежуточная аттестация",{"$nulls":7},"ПП",null,null,"производственная практика",{"$nulls":19},"ГИА",null,"государственная итоговая аттестация"]

{"sheet":"ППССЗ 2024-2025","index":2,"n_rows":34,"n_cols":47,"rows_kept":34,"merged":[[2,11,2,34],[4,9,4,35],[5,2,5,41],[6,9,6,36],[9,1,9,4],[9,5,10,5],[9,6,9,8],[9,9,10,9],[9,10,9,13],[9,14,9,17],[9,18,10,18],[9,19,9,21],[9,22,10,22],[9,23,9,25],[9,26,10,26],[9,27,9,30],[9,31,10,31],[9,32,9,34],[9,35,10,35],[9,36,9,39],[9,40,9,43],[9,44,10,44],[9,45,10,45],[9,46,10,46],[12,0,12,45],[17,0,17,45],[22,0,22,45],[26,0,26,45]],"flags":["formulas_cached_only"]}
[{"$nulls":33},"Приложение 1"]
[{"$nulls":33},"к приказу от 25.04.2024г. № 94"]
[{"$nulls":11},"БУ \"БЕЛОЯРСКИЙ ПОЛИТЕХНИЧЕСКИЙ КОЛЛЕДЖ\""]
[]
[{"$nulls":9},"УЧЕБНЫЙ ГРАФИК"]
[null,null,"ДНЕВНОГО ОТДЕЛЕНИЯ РЕАЛИЗАЦИИ ПРОГРАММ ПОДГОТОВКИ СПЕЦИАЛИСТОВ СРЕДНЕГО ЗВЕНА"]
[{"$nulls":9},"НА 2024-2025 учебный год"]
[]
[]
["Группа","сентябрь",{"$nulls":3},"29.09-05","октябрь",null,null,"27.10-02.11","ноябрь",{"$nulls":3},"декабрь",{"$nulls":3},"29.12-04.01","январь",null,null,"26.01-01.02","февраль",null,null,"23.02.-01.03.","март",{"$nulls":3},"30.04-05.04","апрель",null,null,"27.04-03.05","май",{"$nulls":3},"июнь",{"$nulls":3},"29.06-05.07","06.07-12.07","07.07-31.08"]
[null,"01-07","08-14","15-21","22-28",null,"06-12","13-19","20-26",null,"03-09","10-16","17-23","24-30","01-07","08-14","15-21","22-28",null,"05-11","12-18","19-25",null,"02-08","09-15","16-22",null,"02-07","09-15","16-22","23-29",null,"06-12","13-19","20-26",null,"04-10","11-17","18-24","25-31","01-07","08-14","15-21","22-28"]
[null,"1","2","3","4","5","6","7","8","9","10","11","12","13","14","15","16","17","К","К","1","2",3,4,5,6,7,8,9,10,11,12,13,14,15,16,17,18,19,20,21,22,23,24,25,2]
["1 КУРС"]
["ИСИП-241",1,2,3,4,5,6,7,8,9,10,11,12,13,14,15,16,"::","К","К",1,2,3,4,5,6,7,8,9,10,11,12,13,14,15,16,17,18,19,20,21,22,23,"::","К","К","К"]
["ЭТ-241",1,2,3,4,5,6,7,8,9,10,11,12,13,14,15,16,"::","К","К",1,2,3,4,5,6,7,8,9,10,11,12,13,14,15,16,17,18,19,20,21,22,23,"::","К","К","К"]
["ДО-241",1,2,3,4,5,6,7,8,9,10,11,12,13,14,15,16,"::","К","К",1,2,3,4,5,6,7,8,9,10,11,12,13,14,15,16,17,18,19,20,21,22,23,"::","К","К","К"]
["ДА-241",1,2,3,4,5,6,7,8,9,10,11,12,13,14,15,16,"::","К","К",1,2,3,4,5,6,7,8,9,10,11,12,13,14,15,16,17,18,19,20,21,22,"23","::","К","К","К"]
["2 КУРС"]
["ИСИП-231",1,2,3,4,5,6,7,8,9,10,11,12,13,14,"УП","УП","::","К","К",1,2,3,4,5,6,7,8,9,10,11,12,13,14,15,16,17,18,19,"УП","УП","УП","УП","::","К","К","К"]
["АТ-231",1,2,3,4,5,6,7,8,9,10,11,12,13,14,"УП","УП","::","К","К",1,2,3,4,5,6,7,8,9,10,11,12,13,14,15,16,17,18,"УП","УП","ПП","ПП","ПП","::","::","К","К"]
["Э-31",1,2,3,4,5,6,7,8,9,10,11,12,13,14,"УП","УП","::","К","К",1,2,3,4,5,6,7,8,9,10,11,12,13,14,15,16,17,18,"УП","УП","ПП","ПП","ПП","::","К","К","К"]
["ПД-231",1,2,3,4,5,6,7,8,9,10,11,12,13,14,"::","УП","УП","К","К",1,2,3,4,5,6,7,8,9,10,11,12,13,14,15,16,17,18,19,20,"::","::","ПП","ПП","К","К","К"]
["3 КУРС"]
["СА-221",1,2,3,4,5,6,7,8,9,10,11,12,13,14,"::","УП","УП","К","К",1,2,3,4,5,6,7,8,9,10,11,12,13,14,"::","УП","УП","УП","ПП","ПП","ПП","ПП","ПП","ПП","К","К","К"]
["ДО-221",1,2,3,4,5,6,7,8,9,10,11,12,13,"::","УП","ПП","ПП","К","К",1,2,3,4,5,6,7,8,9,10,11,12,13,14,15,16,"::","УП","УП","УП","ПП","ПП","ПП","ПП","К","К","К"]
["ПД-221",1,2,3,4,5,6,7,8,9,10,11,12,13,14,15,"::","УП","К","К",1,2,3,4,5,6,7,8,9,10,11,12,13,14,15,16,17,18,19,20,"::","::","УП","ПП","ПП","ПП","К"]
["4 КУРС"]
["СТ-211",1,2,3,4,5,6,7,8,9,10,11,12,13,14,15,"::","УП","К","К",1,2,3,4,5,6,7,"::","УП","УП","ПП","ПП","ПП","ПП","ПП","ПП","ПП","ПП","ПГ","ПГ","ПГ","ПГ","ГИА","ГИА"]
["ОПУ-211",1,2,3,4,5,6,7,8,9,10,11,12,13,14,"УП","УП","ПП","К","К",1,2,3,4,5,6,"УП","УП","УП","::","ПП","ПП","ПП","ПП","ПП","ПП","ПП","ПП","ПГ","ПГ","ПГ","ПГ","ГИА","ГИА"]
["ДО-211",1,2,3,4,5,6,7,8,9,10,11,12,"::","УП","УП","УП","УП","К","К",1,2,3,4,5,6,7,8,"::","УП","ПП","ПП","ПП","ПП","ПП","ПП","ПП","ПП","ПГ","ПГ","ПГ","ПГ","ГИА","ГИА"]
[]
[null,"1-23",null,null,"теоретическое обучение",{"$nulls":7},"УП",null,null,"учебная практика",{"$nulls":9},"К",null,"каникулы",{"$nulls":7},"ПГ",null,"подготовка к государственной ИА"]
[]
[null,"::",null,null,"промежуточная аттестация",{"$nulls":7},"ПП",null,null,"производственная практика",{"$nulls":9},"ПП",null,"преддипломная ПП",{"$nulls":7},"ГИА",null,"государственная итоговая аттестация"]

{"sheet":"ППКРС 2024-2025","index":3,"n_rows":30,"n_cols":46,"rows_kept":30,"merged":[[2,11,2,34],[4,9,4,35],[6,9,6,36],[9,1,9,4],[9,5,10,5],[9,6,9,8],[9,9,10,9],[9,10,9,13],[9,14,9,17],[9,18,10,18],[9,19,9,21],[9,22,10,22],[9,23,9,25],[9,26,10,26],[9,27,9,30],[9,31,10,31],[9,32,9,34],[9,35,10,35],[9,36,9,39],[9,40,9,43],[9,44,10,44],[9,45,10,45],[12,0,12,45],[16,0,16,45],[19,0,19,45],[23,0,23,45]],"flags":["formulas_cached_only"]}
[{"$nulls":33},"Приложение 1"]
[{"$nulls":33},"к приказу от 25.04.2024г. № 94"]
[{"$nulls":11},"БУ \"БЕЛОЯРСКИЙ ПОЛИТЕХНИЧЕСКИЙ КОЛЛЕДЖ\""]
[]
[{"$nulls":9},"УЧЕБНЫЙ ГРАФИК"]
[null,null,"ДНЕВНОГО ОТДЕЛЕНИЯ РЕАЛИЗАЦИИ ПРОГРАММ ПОДГОТОВКИ КВАЛИФИЦИРОВАННЫХ РАБОЧИХ, СЛУЖАЩИХ "]
[{"$nulls":9},"НА 2024-2025 учебный год"]
[]
[]
["Группа","сентябрь",{"$nulls":3},"29.09-05","октябрь",null,null,"27.10-02.11","ноябрь",{"$nulls":3},"декабрь",{"$nulls":3},"29.12-04.01","январь",null,null,"26.01-01.02","февраль",null,null,"23.02.-01.03.","март",{"$nulls":3},"30.04-05.04","апрель",null,null,"27.04-03.05","май",{"$nulls":3},"июнь",{"$nulls":3},"29.06-05.07","06.07-31.08"]
[null,"01-07","08-14","15-21","22-28",null,"06-12","13-19","20-26",null,"03-09","10-16","17-23","24-30","01-07","08-14","15-21","22-28",null,"05-11","12-18","19-25",null,"02-08","09-15","16-22",null,"02-07","09-15","16-22","23-29",null,"06-12","13-19","20-26",null,"04-10","11-17","18-24","25-31","01-07","08-14","15-21","22-28"]
[null,"1","2","3","4","5","6","7","8","9","10","11","12","13","14","15","16","17","К","К","1","2",3,4,5,6,7,8,9,10,11,12,13,14,15,16,17,18,19,20,21,22,23,24,25,2]
["1 КУРС"]
["ПК-241",1,2,3,4,5,6,7,8,9,10,11,12,13,14,15,16,"::","К","К",1,2,3,4,5,6,7,8,9,10,11,12,13,14,15,16,17,18,19,20,21,22,23,"::","К","К"]
["С-241",1,2,3,4,5,6,7,8,9,10,11,12,13,14,15,16,"::","К","К",1,2,3,4,5,6,7,8,9,10,11,12,13,14,15,16,17,18,19,20,21,22,23,"::","К","К"]
["МРОА-241",1,2,3,4,5,6,7,8,9,10,11,12,13,14,15,16,"::","К","К",1,2,3,4,5,6,7,8,9,10,11,12,13,14,15,16,17,18,19,20,21,22,23,"::","К","К"]
["2 КУРС"]
["С-231",1,2,3,4,5,6,7,8,"::","УП","УП","УП","УП","УП","УП","УП","УП","К","К",1,2,3,4,5,6,7,"::","УП","УП","УП","УП","УП","УП","УП","УП","ПП","ПП","ПП","ПП","ПП","ПП","ГИА","ГИА"]
["МКИП-231",1,2,3,4,5,6,7,8,9,10,11,12,13,"::","УП","УП","УП","К","К",1,2,3,4,5,6,7,8,9,10,11,12,13,14,15,"::","УП","УП","УП","ПП","ПП","ПП","ПП","ПП","К","К"]
["3 КУРС"]
["ПК-221",1,2,3,4,5,6,7,8,9,10,11,12,"::","УП","УП","ПП","ПП","К","К",1,2,3,4,5,6,7,8,9,10,"::","УП","УП","УП","УП","УП","УП","ПП","ПП","ПП","ПП","ПП","ПП","ПП","К","К"]
["МРОА-221",1,2,3,4,5,6,7,8,9,"::","УП","УП","УП","ПП","ПП","ПП","ПП","К","К",1,2,3,4,5,6,7,8,9,10,11,12,13,"::","УП","УП","ПП","ПП","ПП","ПП","ПП","::","ГИА","ГИА"]
["МКИП-221",1,2,3,4,5,6,7,8,9,"10","11","УП","ПП","ПП","ПП","ПП","::","К","К",1,2,3,4,5,6,7,8,9,10,11,12,13,14,"УП","УП","УП","УП","ПП","ПП","ПП","ПП","ПП","::","К","К"]
["4 КУРС"]
["ПК-211",1,2,3,4,5,6,7,8,"::","УП","УП","УП","УП","ПП","ПП","ПП","ПП","К","К",1,2,3,4,5,6,7,8,"::","УП","УП","УП","УП","УП","УП","ПП","ПП","ПП","ПП","ПП","ПП","ПП","ГИА","ГИА"]
[]
[]
[null,"1-23",null,null,"теоретическое обучение",{"$nulls":7},"УП",null,null,"учебная практика",{"$nulls":9},"К",null,"каникулы"]
[]
[null,"::",null,null,"промежуточная аттестация",{"$nulls":7},"ПП",null,null,"производственная практика",{"$nulls":19},"ГИА",null,"государственная итоговая аттестация"]

{"sheet":"ППССЗ 2023-2024 (стенд)","index":4,"n_rows":34,"n_cols":46,"rows_kept":34,"merged":[[2,11,2,34],[4,9,4,35],[5,2,5,41],[6,9,6,36],[9,1,9,4],[9,5,10,5],[9,6,9,8],[9,9,10,9],[9,10,9,13],[9,14,9,17],[9,18,10,18],[9,19,9,21],[9,22,10,22],[9,23,9,25],[9,26,10,26],[9,27,9,30],[9,31,10,31],[9,32,9,34],[9,35,10,35],[9,36,9,39],[9,40,9,43],[9,44,10,44],[9,45,10,45],[12,0,12,45],[18,0,18,45],[22,0,22,45],[26,0,26,45]],"flags":["formulas_cached_only"]}
[{"$nulls":33},"Приложение 1"]
[{"$nulls":33},"к приказу от 25.04.2023г. № 87"]
[{"$nulls":11},"БУ \"БЕЛОЯРСКИЙ ПОЛИТЕХНИЧЕСКИЙ КОЛЛЕДЖ\""]
[]
[{"$nulls":9},"УЧЕБНЫЙ ГРАФИК"]
[null,null,"ДНЕВНОГО ОТДЕЛЕНИЯ РЕАЛИЗАЦИИ ПРОГРАММ ПОДГОТОВКИ СПЕЦИАЛИСТОВ СРЕДНЕГО ЗВЕНА"]
[{"$nulls":9},"НА 2023-2024 учебный год"]
[]
[]
["Группа","сентябрь",{"$nulls":3},"29.09-05","октябрь",null,null,"27.10-02.11","ноябрь",{"$nulls":3},"декабрь",{"$nulls":3},"29.12-04.01","январь",null,null,"26.01-01.02","февраль",null,null,"23.02.-01.03.","март",{"$nulls":3},"30.04-05.04","апрель",null,null,"27.04-03.05","май",{"$nulls":3},"июнь",{"$nulls":3},"29.06-05.07","06.07-31.08"]
[null,"01-07","08-14","15-21","22-28",null,"06-12","13-19","20-26",null,"03-09","10-16","17-23","24-30","01-07","08-14","15-21","22-28",null,"05-11","12-18","19-25",null,"02-08","09-15","16-22",null,"02-07","09-15","16-22","23-29",null,"06-12","13-19","20-26",null,"04-10","11-17","18-24","25-31","01-07","08-14","15-21","22-28"]
[null,"1","2","3","4","5","6","7","8","9","10","11","12","13","14","15","16","17","К","К","1","2",3,4,5,6,7,8,9,10,11,12,13,14,15,16,17,18,19,20,21,22,23,24,25,2]
["1 КУРС"]
["ИСИП-231",1,2,3,4,5,6,7,8,9,10,11,12,13,14,15,16,"17","К","К",1,2,3,4,5,6,7,8,9,10,11,12,13,14,15,16,17,18,19,20,21,22,23,"24","К","К"]
["АТ-231",1,2,3,4,5,6,7,8,9,10,11,12,13,14,15,16,"17","К","К",1,2,3,4,5,6,7,8,9,10,11,12,13,14,15,16,17,18,19,20,21,22,23,"24","К","К"]
["Э-31",1,2,3,4,5,6,7,8,9,10,11,12,13,14,15,16,"17","К","К",1,2,3,4,5,6,7,8,9,10,11,12,13,14,15,16,17,18,19,20,21,22,23,"24","К","К"]
["ПД-231",2,3,4,5,6,7,8,9,10,11,12,13,14,15,16,null,"::","К","К",1,2,3,4,5,6,7,8,9,10,11,12,13,14,15,16,17,18,19,20,21,22,23,"::","К","К"]
[]
[]
["СА-221",1,2,3,4,5,6,7,8,9,10,11,12,13,14,15,"УП","УП","К","К",1,2,3,4,5,6,7,8,9,10,11,12,13,14,15,16,17,18,19,"УП","УП","УП","ПП","ПП","ПП","К"]
["ДО-221",1,2,3,4,5,6,7,8,9,10,11,12,13,14,15,"::","УП","К","К",1,2,3,4,5,6,7,8,9,10,11,12,13,14,15,16,17,18,19,20,"::","УП","ПП","ПП","К","К"]
["ПД-221",1,2,3,4,5,6,7,8,9,10,11,12,13,14,"::","УП","УП","К","К",1,2,3,4,5,6,7,8,9,10,11,12,13,14,15,16,17,18,19,20,"::","::","УП","УП","К","К"]
[]
["СТ-211",1,2,3,4,5,6,7,8,9,10,11,12,13,"УП","УП","УП","УП","К","К",1,2,3,4,5,6,7,8,9,10,11,12,13,14,15,16,17,"УП","УП","ПП","ПП","ПП","ПП","ПП","К","К"]
["ОПУ-211",1,2,3,4,5,6,7,8,9,10,11,12,"::","УП","УП","ПП","ПП","К","К",1,2,3,4,5,6,7,8,9,10,11,12,13,14,15,16,17,18,"::","УП","УП","УП","ПП","ПП","ПП","К"]
["ДО-211",1,2,3,4,5,6,7,8,9,10,11,12,13,"::","УП","ПП","ПП","К","К",1,2,3,4,5,6,7,8,9,10,11,12,13,14,15,16,"::","УП","УП","УП","ПП","ПП","ПП","ПП","К","К"]
[]
["АТ-201",1,2,3,4,5,6,7,8,9,10,11,12,13,14,15,"УП","УП","К","К",1,2,3,4,5,6,7,8,9,10,"УП","УП","ПП","ПП","ПП","ПП","ПП","ПП","ПГ","ПГ","ПГ","ПГ","ГИА","ГИА","К","К"]
["СА-201",1,2,3,4,5,6,7,8,9,10,11,12,"УП","УП","ПП","ПП","ПП","К","К",1,2,3,4,5,6,7,8,9,10,"УП","УП","ПП","ПП","ПП","ПП","ПП","ПП","ПГ","ПГ","ПГ","ПГ","ГИА","ГИА","К","К"]
["ПКД-201",1,2,3,4,5,6,7,8,9,10,11,12,"УП","УП","ПП","ПП","ПП","К","К",1,2,3,4,5,6,7,8,9,"УП","УП","ПП","ПП","ПП","ПП","ПП","ПП","ПП","ПГ","ПГ","ПГ","ПГ","ГИА","ГИА","К","К"]
[]
[null,"1-23",null,null,"теоретическое обучение",{"$nulls":7},"УП",null,null,"учебная практика",{"$nulls":9},"К",null,"каникулы",{"$nulls":7},"ПГ",null,"подготовка к государственной ИА"]
[]
[null,"::",null,null,"промежуточная аттестация",{"$nulls":7},"ПП",null,null,"производственная практика",{"$nulls":9},"ПП",null,"преддипломная ПП",{"$nulls":7},"ГИА",null,"государственная итоговая аттестация"]

{"sheet":"ППКРС 2023-2024  стенд","index":5,"n_rows":30,"n_cols":46,"rows_kept":30,"merged":[[2,11,2,34],[4,9,4,35],[6,9,6,36],[9,1,9,4],[9,5,10,5],[9,6,9,8],[9,9,10,9],[9,10,9,13],[9,14,9,17],[9,18,10,18],[9,19,9,21],[9,22,10,22],[9,23,9,25],[9,26,10,26],[9,27,9,30],[9,31,10,31],[9,32,9,34],[9,35,10,35],[9,36,9,39],[9,40,9,43],[9,44,10,44],[9,45,10,45],[12,0,12,45],[16,0,16,45],[20,0,20,45],[23,0,23,45]],"flags":["formulas_cached_only"]}
[{"$nulls":33},"Приложение 1"]
[{"$nulls":33},"к приказу от 25.04.2023г. № 87"]
[{"$nulls":11},"БУ \"БЕЛОЯРСКИЙ ПОЛИТЕХНИЧЕСКИЙ КОЛЛЕДЖ\""]
[]
[{"$nulls":9},"УЧЕБНЫЙ ГРАФИК"]
[null,null,"ДНЕВНОГО ОТДЕЛЕНИЯ РЕАЛИЗАЦИИ ПРОГРАММ ПОДГОТОВКИ КВАЛИФИЦИРОВАННЫХ РАБОЧИХ, СЛУЖАЩИХ "]
[{"$nulls":9},"НА 2023-2024 учебный год"]
[]
[]
["Группа","сентябрь",{"$nulls":3},"29.09-05","октябрь",null,null,"27.10-02.11","ноябрь",{"$nulls":3},"декабрь",{"$nulls":3},"29.12-04.01","январь",null,null,"26.01-01.02","февраль",null,null,"23.02.-01.03.","март",{"$nulls":3},"30.04-05.04","апрель",null,null,"27.04-03.05","май",{"$nulls":3},"июнь",{"$nulls":3},"29.06-05.07","06.07-31.08"]
[null,"01-07","08-14","15-21","22-28",null,"06-12","13-19","20-26",null,"03-09","10-16","17-23","24-30","01-07","08-14","15-21","22-28",null,"05-11","12-18","19-25",null,"02-08","09-15","16-22",null,"02-07","09-15","16-22","23-29",null,"06-12","13-19","20-26",null,"04-10","11-17","18-24","25-31","01-07","08-14","15-21","22-28"]
[null,"1","2","3","4","5","6","7","8","9","10","11","12","13","14","15","16","17","К","К","1","2",3,4,5,6,7,8,9,10,11,12,13,14,15,16,17,18,19,20,21,22,23,24,25,2]
["1 КУРС"]
["ПК-221",1,2,3,4,5,6,7,8,9,10,11,12,13,14,15,"::","УП","К","К",1,2,3,4,5,6,7,8,9,10,11,12,13,14,15,16,17,18,19,20,"::","УП","УП","УП","К","К"]
["МРОА-221",1,2,3,4,5,6,7,8,9,10,11,12,13,14,15,"::","УП","К","К",1,2,3,4,5,6,7,8,9,10,11,12,13,14,15,16,17,18,19,20,"::","УП","УП","УП","К","К"]
["МКИП-221",1,2,3,4,5,6,7,8,9,10,11,12,13,14,"::","УП","УП","К","К",1,2,3,4,5,6,7,8,9,10,11,12,13,14,15,16,17,18,19,20,21,"::","УП","УП","К","К"]
["2 КУРС"]
["ПК-211",1,2,3,4,5,6,7,8,9,10,11,12,13,14,15,"::","УП","К","К",1,2,3,4,5,6,7,8,9,10,11,12,13,14,15,16,"::","УП","ПП","ПП","ПП","ПП","ПП","ПП","К","К"]
["МРОА-211",1,2,3,4,5,6,7,8,9,10,11,12,13,14,15,"::","УП","К","К",1,2,3,4,5,6,7,8,9,10,11,12,13,14,15,16,17,"::","УП","УП","УП","УП","ПП","ПП","К","К"]
["С-211",1,2,3,4,5,6,7,8,9,10,11,12,13,"::","УП","УП","УП","К","К",1,2,3,4,5,6,7,8,9,10,11,12,13,14,"::","УП","УП","УП","УП","УП","УП","УП","УП","УП","К","К"]
["3 КУРС"]
["МРОА-201",1,2,3,4,5,6,7,8,9,"::","УП","УП","УП","ПП","ПП","ПП","ПП","К","К",1,2,3,4,5,6,7,8,9,10,11,12,13,"::","УП","УП","УП","ПП","ПП","ПП","ПП","ПП","ГИА","ГИА"]
["С-201",1,2,3,4,5,6,7,8,"::","УП","УП","УП","УП","ПП","ПП","ПП","ПП","К","К",1,2,3,4,"УП","УП","УП","УП","УП","УП","УП","УП","УП","УП","ПП","ПП","ПП","ПП","ПП","ПП","ПП","ГИА","ГИА","ГИА"]
["4 КУРС"]
["МКИП-191",1,2,3,4,5,6,7,8,9,"::","УП","УП","УП","ПП","ПП","ПП","ПП","К","К",1,2,3,4,5,6,7,8,9,10,11,12,13,"::","УП","УП","УП","УП","ПП","ПП","ПП","ПП","ГИА","ГИА"]
[]
[{"$nulls":33},"УП"]
[null,"1-23",null,null,"теоретическое обучение",{"$nulls":7},"УП",null,null,"учебная практика",{"$nulls":9},"К",null,"каникулы"]
[]
[null,"::",null,null,"промежуточная аттестация",{"$nulls":7},"ПП",null,null,"производственная практика",{"$nulls":19},"ГИА",null,"государственная итоговая аттестация"]